000 00549nam a22001817a 4500
005 20251108165824.0
008 250721s1981 xx 000 0 ara d
082 1 4 _aط/811.962/زين
100 1 _aعزب، زينب
245 1 0 _aالطفلة آن في الغابات الخضراء /
264 1 _aالقاهره :
_bالهيئة المصرية العامة للكتاب،
_c1981.
300 _a45ص : مص
650 1 7 _aالشعر العربي
650 1 7 _aأدب الأطفال
650 1 7 _aمصر
942 _2ddc
_cBK
999 _c32175
_d32175